Catálogo
 En Linea

Anuario estadístico de América Latina y el Caribe = Statistical yearbook for Latin America. (Registro nro. 36272)

Detalles MARC
000 -CABECERA
campo de control de longitud fija 00836nam a2200229 u 4500
001 - NÚMERO DE CONTROL
campo de control 000036781
003 - IDENTIFICADOR DEL NÚMERO DE CONTROL
campo de control DO-SdBNP
005 - FECHA Y HORA DE LA ÚLTIMA TRANSACCIÓN
campo de control 20241206103827.0
008 - DATOS DE LONGITUD FIJA--INFORMACIÓN GENERAL
campo de control de longitud fija 100810s1983 xxu r 001 0 spa d
020 ## - NÚMERO INTERNACIONAL ESTÁNDAR DEL LIBRO
Número Internacional Estándar del Libro 9210210573
040 ## - FUENTE DE LA CATALOGACIÓN
Centro catalogador/agencia de origen DO-SdBNP
Lengua de catalogación spa
Centro/agencia transcriptor BNPHU
041 17 - CÓDIGO DE LENGUA
Código de lengua del texto/banda sonora o título independiente spa
Código de lengua del sumario o resumen eng
Fuente del código Código de idioma MARC
082 ## - NÚMERO DE LA CLASIFICACIÓN DECIMAL DEWEY
Número de clasificación xxxx
222 00 - TÍTULO CLAVE
Título clave Anuario estadístico de América Latina y el Caribe 1983
245 00 - MENCIÓN DE TÍTULO
Título Anuario estadístico de América Latina y el Caribe = Statistical yearbook for Latin America.
246 00 - FORMA VARIANTE DE TÍTULO
Título propio/Titulo breve Statistical yearbook for Latin America
260 ## - PUBLICACIÓN, DISTRIBUCIÓN, ETC.
Lugar de publicación, distribución, etc. Santiago, Chile :
Nombre del editor, distribuidor, etc. Comisión Económica Para América Latina y el Caribe,
Fecha de publicación, distribución, etc. 1983.
300 ## - DESCRIPCIÓN FÍSICA
Extensión 749 p. ;
Dimensiones 26 cm.
546 ## - NOTA DE LENGUA/LENGUAJE
Nota de lengua/lenguaje Español e inglés
710 ## - PUNTO DE ACCESO ADICIONAL--NOMBRE DE ENTIDAD CORPORATIVA
Nombre de entidad corporativa o nombre de jurisdicción como elemento de entrada Naciones Unidas.
Unidad subordinada Comisión Economica para América Latina y el Caribe
9 (RLIN) 3086
942 ## - ELEMENTOS DE PUNTO DE ACCESO ADICIONAL (KOHA)
Fuente del sistema de clasificación o colocación Dewey Decimal Classification
Tipo de ítem Koha Libro
Existencias
Estado de retiro Estado de pérdida Restricciones de uso No para préstamo Código de colección Localización permanente Ubicación/localización actual Ubicación en estantería Fecha de adquisición Número de inventario Total de préstamos Signatura topográfica completa Código de barras Fecha visto por última vez Precio válido a partir de Tipo de ítem Koha
      Excluido de préstamo Monografías: Libros y Folletos General General En catalogación 31.01.2012 LF1   xxxx 36781-10 25.06.2020 25.06.2020 No se presta

Con tecnología Koha